| 000 | 00413nam a2200157Ia 4500 | ||
|---|---|---|---|
| 008 | 230312s9999||||xx |||||||||||||| ||und|| | ||
| 020 | _a81-7554-107-5 | ||
| 082 |
_a658 _bATH |
||
| 100 | _aTony Atherton | ||
| 245 | 0 | _aHow to be better at… | |
| 260 |
_bKogan Page India Private Ltd. _aIndia _c2000 |
||
| 300 | _a160 | ||
| 546 | _aEng. | ||
| 650 |
_aManagement _vImportance of Delegation and Coaching |
||
| 942 | _cBK | ||
| 999 |
_c951 _d951 |
||